Statistiques concernant Villes aléatoires sur une carte par lettre - K

Cliquez ici pour prendre le quiz!

Statistiques générales

  • Ce quiz a été pris 505 fois
  • Le résultat moyen est 3 sur 5

Réponses sur la Carte

Les réponses sont colorées sur une échelle allant du rouge au vert en fonction du pourcentage des utilisateurs qui les ont devinées à leur premier essai. Vous pouvez retrouver ces pourcentages ci-dessous.
 

Statistiques - réponses

Ville% Correct
Kiev
95%
Kansas City
88%
Kinshasa
86%
Kuala Lumpur
83%
Kaboul
82%
Katmandou
80%
Khartoum
77%
Koweït
77%
Kingston
74%
Karachi
68%
Kigali
68%
Kampala
65%
Kano
36%
Katowice
31%
Kumasi
25%
Kunming
0%

Distribution des résultats

Percentile par nombre de réponses

% des personnes avec chaque résultat

Votre développement - résultats

Vous n’avez pas pris ce quiz